| 000 | 00408nam a2200145 a 4500 | ||
|---|---|---|---|
| 005 | 20140310183219.0 | ||
| 008 | 030922s19uu xx 00 eng d | ||
| 020 | _a0-88687-862-4 | ||
| 050 |
_aAY 67.N5 _b.W7 2001 |
||
| 245 | _aThe World almanac and book of facts. | ||
| 260 |
_aNew Jersey : _bWorld almanac book, _c2001. |
||
| 300 |
_a1008 p. _bsome col. ; _c21 cm. |
||
| 650 | _aAlmanac | ||
| 942 |
_cBK _2lcc |
||
| 999 |
_c20284 _d20284 |
||